00362nam a2200133 a 45000010010000000030011000100080041000210350026000620820014000881000017001022450051001192600045001706500013002150000-8958ELIB.Books110520 1963  a(ELIB.Books)0000-9107 a230 bRus aRust, Eric C aTowards a Theological Understanding of History bNew York: Oxford University Press c1963 aTheology